Normal view
MARC view
- Jones, Paul Matthews, R. Douglas Magid, Jonathan
Entry Personal Name
001 - CONTROL NUMBER
- control field: 77615
003 - CONTROL NUMBER IDENTIFIER
- control field: NUST
005 - DATE AND TIME OF LATEST TRANSACTION
- control field: 20210628205941.0
008 - FIXED-LENGTH DATA ELEMENTS
- fixed length control field: 210628|| aca||aabn | a|a d
040 ## - CATALOGING SOURCE
- Original cataloging agency: NUST
- Transcribing agency: NUST
100 ## - HEADING--PERSONAL NAME
- Personal name: Jones, Paul Matthews, R. Douglas Magid, Jonathan
670 ## - SOURCE DATA FOUND
- Source citation: Work cat.: (NUST): Jones, Paul Matthews, R. Douglas Magid, Jonathan, The web server book, 1995
